000 00673nam a2200217 a 4500
005 20231109063609.0
008 030402s2001 ag r 000 0 spa d
020 _a9875380490
035 _aUPN01000123591
049 _aCG
050 4 _aQH55
_bF8.2
100 1 _aFurman, Melina
245 1 0 _aCiencias naturales :
_baprender a investigar en la escuela /
_cMelina Furman, Ariel Zysman.
260 _aBuenos Aires :
_bNovedades Educativas,
_c2001.
300 _a126 p. :
_bil.
440 0 _aRecursos didácticos
650 4 _aCIENCIAS NATURALES -
_xEXPERIMENTOS
_99681
650 2 _aInvestigación en el aula
_919111
700 1 _aZysman, Ariel,
_ecoaut.
905 _aLibro
999 _c95771
_d95771